[Event "Men-Tehran"]
[Site "?"]
[Date "2015.09.16"]
[Round "5.1"]
[White "Ardeshi, Mehrdad"]
[Black "Bolourchifard, Farzad"]
[Result "1/2-1/2"]
[BlackElo "2229"]
[WhiteElo "2307"]
[LiveChessVersion "1.4.6"]

1. d4 d5 2. Nf3 Nf6 3. c4 e6 4. Nc3 Be7 5. cxd5 exd5 6. Bg5 c6 7. Qc2 Na6 8. a3
Nc7 9. e3 Ne6 10. Bh4 O-O 11. Bd3 g6 12. h3 Ng7 13. g4 a5 14. Ne5 Nfe8 15. Bg3 f6
16. Nf3 Bd6 17. Rg1 Bxg3 18. Rxg3 Nd6 19. O-O-O b5 20. Ne2 b4 21. a4 b3 22. Qxb3
Ba6 23. Nf4 g5 24. Nh5 Rb8 25. Qc2 Bxd3 26. Rxd3 Ne4 27. Nxg7 Kxg7 28. Rg2 Rb4
29. Nd2 Nxd2 30. Kxd2 Qb8 31. Kc1 Rf7 32. Rc3 Rfb7 33. f4 gxf4 34. Qf5 f3 35. Rf2
Rxa4 36. Kb1 Rab4 37. Rcc2 Qg3 38. Qxf3 Qxf3 39. Rxf3 a4 40. Kc1 Rb3 41. Rcf2 a3
42. bxa3 Rb1+ 43. Kc2 R7b2+ 44. Kc3 Rb3+ 45. Kc2 R1b2+ 46. Kc1 Rxf2 47. Rxf2 Rxe3
48. Ra2 Rd3 49. a4 Rxd4 50. a5 Rb4 51. a6 Rb8 52. a7 Ra8 53. Kd2 Kf7 1/2-1/2

[Event "Men-Tehran"]
[Site "?"]
[Date "2015.09.16"]
[Round "5.2"]
[White "Azadbakhsh, Farshid"]
[Black "Sharbaf, Mohsen"]
[Result "0-1"]
[BlackElo "2354"]
[WhiteElo "2104"]
[LiveChessVersion "1.4.6"]

1. e4 c5 2. Nf3 Nc6 3. c3 Nf6 4. e5 Nd5 5. d4 cxd4 6. cxd4 d6 7. Bc4 Nb6 8. Bb5
d5 9. Nh4 Bd7 10. Nc3 e6 11. Nf3 Be7 12. O-O O-O 13. Re1 Rc8 14. Bd3 a6 15. h4
Bxh4 16. Nxh4 Qxh4 17. Re3 f5 18. Rh3 Qxd4 19. Be3 Qb4 20. Qh5 Nxe5 21. Qxh7+ Kf7
22. Qh5+ Ke7 23. Qg5+ Kf7 24. Qh5+ Ke7 25. Qg5+ Ke8 26. Qxg7 Qxb2 27. Rc1 Rxc3
28. Rxc3 Qxc3 29. Rh7 Nc8 30. Kh1 Qa1+ 31. Kg1 Qc3 0-1

[Event "Men-Tehran"]
[Site "?"]
[Date "2015.09.16"]
[Round "5.3"]
[White "Asgharzadeh, M.Reza"]
[Black "Ghaziolsharif, Kaveh"]
[Result "1/2-1/2"]
[BlackElo "2186"]
[WhiteElo "2296"]
[LiveChessVersion "1.4.6"]

1. d4 {[%clk 1:30:53]} Nf6 {[%clk 1:30:48]} 2. c4 {[%clk 1:31:18]} g6
{[%clk 1:31:07]} 3. Nc3 {[%clk 1:31:42]} Bg7 {[%clk 1:31:29]} 4. e4
{[%clk 1:32:05]} d6 {[%clk 1:31:53]} 5. Nge2 {[%clk 1:31:08]} O-O
{[%clk 1:32:09]} 6. Ng3 {[%clk 1:31:30]} c5 {[%clk 1:31:50]} 7. d5
{[%clk 1:31:53]} Na6 {[%clk 1:32:12]} 8. Be2 {[%clk 1:30:31]} Nc7
{[%clk 1:32:23]} 9. O-O {[%clk 1:30:02]} e6 {[%clk 1:32:18]} 10. Qc2
{[%clk 1:23:57]} exd5 {[%clk 1:31:27]} 11. cxd5 {[%clk 1:24:19]} Rb8
{[%clk 1:31:11]} 12. a4 {[%clk 1:23:43]} a6 {[%clk 1:31:05]} 13. Be3
{[%clk 1:17:27]} Ng4 {[%clk 1:28:06]} 14. Bxg4 {[%clk 1:13:40]} Bxg4
{[%clk 1:25:26]} 15. Rab1 {[%clk 1:08:11]} a5 16. f4 {[%clk 0:57:30]} h5
{[%clk 0:44:00]} 17. f5 {[%clk 0:33:37]} h4 {[%clk 0:23:11]} 18. Nh1
{[%clk 0:31:17]} Re8 {[%clk 0:19:41]} 19. Nf2 {[%clk 0:19:25]} Bh5
{[%clk 0:18:14]} 20. Qd2 {[%clk 0:14:52]} Qd7 {[%clk 0:17:23]} 21. Bg5
{[%clk 0:14:00]} gxf5 {[%clk 0:14:15]} 22. exf5 {[%clk 0:13:44]} Bxc3
{[%clk 0:13:45]} 23. bxc3 {[%clk 0:08:46]} Qxf5 {[%clk 0:13:13]} 24. Nd3
{[%clk 0:09:01]} Qxd5 {[%clk 0:12:41]} 25. c4 {[%clk 0:01:18]} Qd4+
{[%clk 0:12:17]} 26. Nf2 {[%clk 0:00:35]} Qxd2 {[%clk 0:03:06]} 27. Bxd2
{[%clk 0:01:04]} b6 {[%clk 0:03:12]} 28. Bf4 {[%clk 0:01:10]} Re6
{[%clk 0:03:24]} 29. Rb2 {[%clk 0:00:38]} Be2 {[%clk 0:02:21]} 30. Re1
{[%clk 0:00:47]} Bxc4 {[%clk 0:02:00]} 31. Rxe6 {[%clk 0:01:15]} Nxe6
{[%clk 0:02:16]} 32. Bxd6 {[%clk 0:01:23]} Rb7 {[%clk 0:02:01]} 33. Ne4
{[%clk 0:01:35]} Ba6 {[%clk 0:00:50]} 34. Nf6+ {[%clk 0:01:23]} Kg7
{[%clk 0:00:57]} 35. Nd5 {[%clk 0:01:19]} b5 {[%clk 0:00:56]} 36. Be5+
{[%clk 0:01:23]} Kh7 {[%clk 0:01:06]} 37. axb5 {[%clk 0:00:42]} Rxb5
{[%clk 0:01:28]} 38. Rxb5 {[%clk 0:00:34]} Bxb5 {[%clk 0:01:56]} 39. Nc7
{[%clk 0:01:03]} Nxc7 {[%clk 0:01:58]} 40. Bxc7 {[%clk 0:01:32]} a4
{[%clk 0:02:15]} 41. Bd8 {[%clk 0:01:40]} h3 {[%clk 0:02:08]} 42. gxh3
{[%clk 0:02:06]} Kg6 {[%clk 0:02:14]} 43. Kf2 {[%clk 0:01:27]} Bd7
{[%clk 0:00:45]} 44. Be7 {[%clk 0:01:05]} c4 {[%clk 0:01:04]} 45. h4
{[%clk 0:01:02]} Kf5 {[%clk 0:00:44]} 46. Ke3 {[%clk 0:01:15]} Be6
{[%clk 0:00:34]} 47. h5 {[%clk 0:01:01]} a3 {[%clk 0:00:34]} 48. Bxa3
{[%clk 0:00:54]} Kg5 {[%clk 0:01:03]} 49. Be7+ {[%clk 0:00:33]} Kxh5
{[%clk 0:01:31]} 50. Bf6 {[%clk 0:00:34]} Kg4 {[%clk 0:01:44]} 51. h4
{[%clk 0:00:39]} Bf5 {[%clk 0:01:35]} 52. Kd4 {[%clk 0:00:41]} Bd3
{[%clk 0:02:03]} 53. Ke3 {[%clk 0:00:39]} Bf1 {[%clk 0:01:54]} 54. Ke4
{[%clk 0:00:51]} Be2 {[%clk 0:01:50]} 55. Kd4 {[%clk 0:00:36]} Kf5
{[%clk 0:01:41]} 56. Bd8 {[%clk 0:00:55]} Kg6 {[%clk 0:01:37]} 57. Ke3
{[%clk 0:00:43]} Bd3 {[%clk 0:01:54]} 58. Ba5 {[%clk 0:00:41]} Kf5
{[%clk 0:01:46]} 59. Bc3 {[%clk 0:00:51]} Kg6 {[%clk 0:01:05]} 60. Kf4
{[%clk 0:00:42]} Be2 {[%clk 0:01:24]} 61. Ke3 {[%clk 0:00:51]} Bd1
{[%clk 0:01:41]} 62. Kd4 {[%clk 0:01:05]} Bb3 {[%clk 0:02:02]} 63. Ke3 f5 64. Kf4
Kh5 65. Bf6 1/2-1/2

[Event "Men-Tehran"]
[Site "?"]
[Date "2015.09.16"]
[Round "5.4"]
[White "Sakhayi, Mostafa"]
[Black "Khamisi, S Jafar"]
[Result "0-1"]
[BlackElo "2178"]
[WhiteElo "2184"]
[LiveChessVersion "1.4.6"]

1. d4 d5 2. Nf3 Nf6 3. c4 c6 4. Nc3 e6 5. Bg5 h6 6. Bxf6 Qxf6 7. Qb3 a5 8. e3 Qd8
9. Bd3 Be7 10. O-O Nd7 11. Rad1 a4 12. Qc2 dxc4 13. Bxc4 Nb6 14. Bd3 a3 15. Ne5
axb2 16. Qxb2 Ba3 17. Qb3 Bd6 18. Ne4 Nd5 19. Nc4 Bc7 20. a4 O-O 21. Bc2 Qe7 22.
Ne5 Rd8 23. Rb1 c5 24. Rfd1 cxd4 25. exd4 Ra7 26. g3 Ba5 27. Rbc1 Bb4 28. Bd3 Ba5
29. Bb5 Ra8 30. Rc4 Bb6 31. Rdc1 f5 32. Nc5 Nf6 33. Qe3 Kh7 34. R4c2 Nd5 35. Qf3
Nf6 36. Qe3 Nd5 37. Qf3 Nf6 38. Qf4 Nd5 39. Qf3 Nf6 40. Qc3 Ba5 41. Qc4 Bb6 42.
Qc3 Ne4 43. Qc4 Bxc5 44. dxc5 Rd5 45. c6 Rxe5 46. Qd4 Rd5 47. Qb6 Rb8 48. a5 Qd6
49. c7 Ra8 50. f3 Qxb6+ 51. axb6 Nf6 52. Rc5 Ra5 53. Rxd5 Nxd5 54. Rb1 Nc3 55.
Rb3 Nxb5 56. Rd3 Nxc7 0-1

[Event "Men-Tehran"]
[Site "?"]
[Date "2015.09.16"]
[Round "5.5"]
[White "Gholami, Aryan"]
[Black "Kazerooni, Shahriar"]
[Result "1-0"]
[BlackElo "1928"]
[WhiteElo "2405"]
[LiveChessVersion "1.4.6"]

1. e4 {[%clk 1:29:33]} e5 {[%clk 1:29:38]} 2. Nf3 {[%clk 1:29:04]} Nf6
{[%clk 1:29:56]} 3. Nc3 {[%clk 1:27:57]} Bb4 {[%clk 1:28:44]} 4. Bc4
{[%clk 1:26:51]} O-O {[%clk 1:24:42]} 5. O-O {[%clk 1:25:30]} d6 {[%clk 1:24:03]}
6. d3 {[%clk 1:25:37]} h6 {[%clk 1:20:12]} 7. Ne2 {[%clk 1:23:44]} c6
{[%clk 1:14:35]} 8. c3 {[%clk 1:22:52]} Ba5 {[%clk 1:14:03]} 9. Bb3
{[%clk 1:22:40]} Re8 {[%clk 1:10:19]} 10. Ng3 {[%clk 1:21:31]} d5
{[%clk 0:53:42]} 11. d4 {[%clk 1:12:58]} exd4 {[%clk 0:33:54]} 12. e5 dxc3
{[%clk 0:28:31]} 13. exf6 {[%clk 1:11:04]} Qxf6 {[%clk 0:26:34]} 14. bxc3
{[%clk 1:06:20]} Bxc3 {[%clk 0:26:19]} 15. Rb1 {[%clk 1:06:45]} Nd7
{[%clk 0:19:09]} 16. Bc2 {[%clk 1:05:40]} Nf8 {[%clk 0:18:10]} 17. Qd3
{[%clk 1:04:39]} d4 {[%clk 0:14:13]} 18. Ne4 {[%clk 1:02:06]} Qg6
{[%clk 0:12:26]} 19. Nxd4 {[%clk 1:00:31]} Bxd4 {[%clk 0:10:15]} 20. Qxd4
{[%clk 1:00:54]} Bf5 {[%clk 0:09:45]} 21. f3 {[%clk 1:01:11]} Ne6
{[%clk 0:08:19]} 22. Qf2 {[%clk 0:59:36]} b6 {[%clk 0:05:53]} 23. Be3
{[%clk 0:56:00]} Rad8 {[%clk 0:02:30]} 24. a4 {[%clk 0:55:21]} c5
{[%clk 0:01:45]} 25. Rfd1 {[%clk 0:54:42]} Nc7 {[%clk 0:00:49]} 26. Rd2
{[%clk 0:50:17]} Rxd2 {[%clk 0:00:54]} 27. Qxd2 {[%clk 0:50:43]} Ne6
{[%clk 0:00:41]} 28. Rd1 {[%clk 0:49:56]} Rd8 {[%clk 0:00:48]} 29. Qe2 Nd4
{[%clk 0:00:46]} 30. Bxd4 {[%clk 0:48:36]} cxd4 {[%clk 0:00:55]} 31. Qf2
{[%clk 0:44:49]} Qc6 {[%clk 0:00:46]} 32. Qh4 {[%clk 0:42:16]} Qd7
{[%clk 0:00:38]} 33. Qf4 {[%clk 0:41:03]} Bg6 {[%clk 0:00:47]} 34. Qe5
{[%clk 0:39:30]} Qc6 {[%clk 0:00:53]} 35. Rd2 {[%clk 0:38:27]} a6
{[%clk 0:00:37]} 36. h4 {[%clk 0:38:37]} h5 {[%clk 0:00:34]} 37. Rxd4
{[%clk 0:37:08]} Re8 {[%clk 0:00:37]} 38. Rd6 {[%clk 0:37:05]} Qc8
{[%clk 0:00:38]} 39. Qb2 {[%clk 0:37:23]} Bxe4 {[%clk 0:00:33]} 40. Bxe4
{[%clk 0:37:19]} Qc5+ {[%clk 0:00:41]} 41. Qd4 {[%clk 0:37:46]} Qc1+
{[%clk 0:00:44]} 42. Qd1 {[%clk 0:38:08]} Qe3+ {[%clk 0:01:03]} 43. Kf1
{[%clk 0:37:42]} Qf4 {[%clk 0:00:44]} 44. Rd8 {[%clk 0:37:42]} Kf8
{[%clk 0:00:41]} 45. Rxe8+ {[%clk 0:37:29]} Kxe8 {[%clk 0:01:07]} 46. Bc6+
{[%clk 0:37:51]} Ke7 {[%clk 0:01:29]} 47. Qd7+ {[%clk 0:36:11]} Kf6
{[%clk 0:01:52]} 48. Qd8+ {[%clk 0:35:18]} Kg6 {[%clk 0:01:48]} 49. Be4+
{[%clk 0:34:27]} f5 {[%clk 0:02:12]} 50. Qxb6+ {[%clk 0:34:51]} Kh7
{[%clk 0:02:24]} 51. Qc5 {[%clk 0:34:19]} g6 {[%clk 0:00:42]} 52. Qe7+
{[%clk 0:33:34]} Kh6 {[%clk 0:00:49]} 53. Qg5+ {[%clk 0:33:22]} Qxg5
{[%clk 0:01:13]} 54. hxg5+ {[%clk 0:33:49]} Kxg5 {[%clk 0:01:37]} 55. Bc6
{[%clk 0:34:04]} a5 {[%clk 0:02:01]} 56. Kf2 {[%clk 0:34:24]} f4 {[%clk 0:00:50]}
57. Be8 {[%clk 0:34:32]} Kh6 {[%clk 0:00:45]} 58. Ke2 {[%clk 0:34:53]} g5
{[%clk 0:00:47]} 59. Bd7 {[%clk 0:35:21]} Kg7 {[%clk 0:00:49]} 60. Kd3
{[%clk 0:35:44]} Kg6 {[%clk 0:00:46]} 61. Kc4 {[%clk 0:36:08]} Kf6
{[%clk 0:00:49]} 62. Kb5 {[%clk 0:36:27]} 1-0

[Event "Men-Tehran"]
[Site "?"]
[Date "2015.09.16"]
[Round "5.6"]
[White "Momenzadeh, Mehdi"]
[Black "Grabliauskas, Virginijus"]
[Result "0-1"]
[BlackElo "2332"]
[WhiteElo "1899"]
[LiveChessVersion "1.4.6"]

1. e4 c5 2. Nf3 e6 3. c3 Nf6 4. e5 Nd5 5. d4 cxd4 6. cxd4 d6 7. a3 Bd7 8. Nc3 Bc6
9. Bd3 Nxc3 10. bxc3 Nd7 11. exd6 Bxd6 12. O-O O-O 13. c4 Bxf3 14. Qxf3 Qh4 15.
g3 Qxd4 16. Bf4 Bxf4 17. Rad1 Qf6 18. gxf4 Rad8 19. Bc2 b6 20. Qb7 Nc5 21. Qxa7
Rxd1 22. Rxd1 Qxf4 23. Qxb6 Qg4+ 24. Kh1 Qxc4 25. Qb1 g6 26. Qc1 Ne4 27. Bxe4
Qxe4+ 28. Kg1 Qg4+ 29. Kf1 Qh3+ 30. Kg1 Ra8 31. Qg5 Qxa3 32. Rd8+ Rxd8 33. Qxd8+
Qf8 34. Qd7 Qb4 35. Qc7 Qg4+ 36. Kf1 Qe4 37. Kg1 h5 38. Qc5 Qg4+ 39. Kh1 Qd1+ 0-1

[Event "Men-Tehran"]
[Site "?"]
[Date "2015.09.16"]
[Round "5.7"]
[White "Mosadeghpour, Masoud"]
[Black "Karimi, Mohammad"]
[Result "1-0"]
[BlackElo "2207"]
[WhiteElo "2416"]
[LiveChessVersion "1.4.6"]

1. e4 c5 2. d4 cxd4 3. c3 d3 4. Bxd3 e6 {[%clk 0:00:00]} 5. Nf3 d6 6. O-O Nf6 7.
Qe2 Be7 8. Rd1 Qc7 9. Na3 a6 10. Bf4 e5 11. Be3 Nbd7 12. Bc2 Nc5 13. Nd2 Ng4 14.
b4 Nxe3 15. Qxe3 Ne6 16. Ndc4 b5 17. Nb6 Rb8 18. Nd5 Qd7 19. Nxe7 Kxe7 20. Rd2
Rd8 21. Rad1 Qc7 22. Bb3 Qb6 23. Qg3 Kf8 24. Nc2 Qc6 25. Qh4 h6 26. Ne3 Ng5 27.
Nd5 Be6 28. f4 exf4 29. Qxf4 Rd7 30. Kh1 Re8 31. h4 Nh7 32. Rd3 Bxd5 33. Rxd5
Qxc3 34. Rxd6 Rde7 35. Rd7 Qxb4 36. R1d4 Qe1+ 37. Kh2 Nf6 38. Rxe7 Rxe7 39. Rd8+
Ne8 40. Bd5 Qa5 41. Rxe8+ Kxe8 42. Bc6+ Rd7 43. Bxd7+ Kxd7 44. Qxf7+ Kc8 45. Qxg7
Qxa2 46. Qxh6 Kd7 47. Qg7+ Ke8 48. h5 Qf7 49. Qe5+ Kf8 50. g4 Qg7 51. Qd6+ Qe7
52. Qxe7+ Kxe7 53. h6 Kf8 54. e5 b4 55. e6 b3 56. h7 1-0

[Event "Men-Tehran"]
[Site "?"]
[Date "2015.09.16"]
[Round "5.8"]
[White "Motaghi, Sina"]
[Black "Changaei, Amin"]
[Result "0-1"]
[BlackElo "2104"]
[WhiteElo "1662"]
[LiveChessVersion "1.4.6"]

1. e4 {[%clk 1:30:53]} e5 {[%clk 1:30:54]} 2. Nf3 {[%clk 1:31:10]} Nc6
{[%clk 1:31:18]} 3. Bc4 {[%clk 1:31:22]} Bc5 {[%clk 1:31:25]} 4. c3
{[%clk 1:31:21]} Nf6 {[%clk 1:31:50]} 5. d4 {[%clk 1:27:11]} exd4
{[%clk 1:32:18]} 6. cxd4 {[%clk 1:27:33]} Bb4+ {[%clk 1:32:42]} 7. Bd2
{[%clk 1:27:34]} d5 {[%clk 1:30:09]} 8. Bxb4 {[%clk 1:18:28]} Nxb4
{[%clk 1:29:26]} 9. Qa4+ {[%clk 1:17:14]} Nc6 {[%clk 1:29:19]} 10. exd5
{[%clk 1:11:28]} Nxd5 {[%clk 1:29:47]} 11. Bxd5 {[%clk 1:10:35]} Qxd5
{[%clk 1:30:06]} 12. O-O {[%clk 1:09:18]} O-O {[%clk 1:30:09]} 13. Nc3
{[%clk 1:08:15]} Qh5 {[%clk 1:28:42]} 14. Rfe1 {[%clk 0:44:35]} Bg4
{[%clk 1:19:39]} 15. Ne5 {[%clk 0:42:15]} Nxe5 {[%clk 1:19:15]} 16. Rxe5
{[%clk 0:42:08]} Qg6 {[%clk 1:19:20]} 17. Nd5 {[%clk 0:40:23]} Qd6
{[%clk 1:16:57]} 18. Rae1 {[%clk 0:34:59]} Bd7 {[%clk 1:16:57]} 19. Qc4
{[%clk 0:19:48]} c6 {[%clk 1:15:13]} 20. Ne7+ {[%clk 0:18:26]} Kh8
{[%clk 1:15:26]} 21. d5 {[%clk 0:13:23]} Rae8 {[%clk 1:10:47]} 22. Qe4
{[%clk 0:11:45]} f5 {[%clk 1:02:45]} 23. Qh4 {[%clk 0:09:53]} c5 {[%clk 1:00:44]}
24. Re6 {[%clk 0:05:09]} Bxe6 {[%clk 1:00:30]} 25. Rxe6 {[%clk 0:05:36]} Qd8
{[%clk 0:57:47]} 26. Ng6+ {[%clk 0:02:19]} Kg8 {[%clk 0:58:14]} 27. Ne7+ Rxe7
{[%clk 0:57:53]} 28. Qxe7 {[%clk 0:00:35]} Qxd5 {[%clk 0:58:16]} 29. Re1
{[%clk 0:00:31]} h6 {[%clk 0:57:13]} 30. g3 {[%clk 0:00:42]} f4 {[%clk 0:56:46]}
31. Qe6+ {[%clk 0:00:34]} Qxe6 {[%clk 0:57:10]} 32. Rxe6 Rd8 {[%clk 0:55:00]} 33.
gxf4 {[%clk 0:00:33]} Rd2 {[%clk 0:55:19]} 34. Re5 {[%clk 0:00:32]} Rxb2
{[%clk 0:55:28]} 35. Rxc5 {[%clk 0:01:00]} Rxa2 {[%clk 0:55:45]} 36. Rc8+
{[%clk 0:01:14]} Kh7 {[%clk 0:56:13]} 37. Rc7 {[%clk 0:01:26]} b5
{[%clk 0:56:35]} 38. f5 {[%clk 0:01:35]} Kg8 {[%clk 0:57:01]} 39. Rb7
{[%clk 0:00:38]} a6 {[%clk 0:57:03]} 40. Kg2 {[%clk 0:00:32]} Ra4
{[%clk 0:57:25]} 0-1

[Event "Men-Tehran"]
[Site "?"]
[Date "2015.09.16"]
[Round "5.9"]
[White "Pashikian, Arman"]
[Black "Nasri, Amin"]
[Result "1-0"]
[BlackElo "2307"]
[WhiteElo "2614"]
[LiveChessVersion "1.4.6"]

1. d4 Nf6 2. Nf3 e6 3. c4 Bb4+ 4. Nbd2 b6 5. a3 Bxd2+ 6. Qxd2 Bb7 7. e3 Ne4 8.
Qc2 f5 9. b3 O-O 10. Bb2 d6 11. Be2 Rf6 12. d5 e5 13. Nd2 c6 14. Nxe4 fxe4 15.
Qxe4 cxd5 16. cxd5 Nd7 17. Rd1 Rg6 18. O-O Kh8 19. Qb1 Qh4 20. g3 Qh3 21. Qe4 Nc5
22. Qg2 Qxg2+ 23. Kxg2 Nxb3 24. f4 exf4 25. Rxf4 Nc5 26. h4 Re6 27. Rf7 Rxe3 28.
Kf2 Rb3 29. Bxg7+ Kg8 30. Re7 Bc8 31. Bd4 Bf5 32. g4 Bc2 33. Rg7+ Kf8 34. Rf1 Rb1
35. Rxb1 Bxb1 36. Bb5 a6 37. Bc6 Rb8 38. g5 b5 39. Ra7 b4 40. axb4 Ne4+ 41. Ke3
Rxb4 42. Rxh7 Rb3+ 43. Kf4 Rb4 44. Rh8+ Kf7 1-0

[Event "Men-Tehran"]
[Site "?"]
[Date "2015.09.16"]
[Round "5.10"]
[White "Faridi, Faham"]
[Black "Pourramezanali, Amirreza"]
[Result "0-1"]
[BlackElo "2453"]
[WhiteElo "1981"]
[LiveChessVersion "1.4.6"]

1. e4 {[%clk 1:30:51]} e6 {[%clk 1:30:25]} 2. d4 {[%clk 1:30:45]} d5
{[%clk 1:30:49]} 3. exd5 {[%clk 1:30:28]} exd5 {[%clk 1:31:11]} 4. Bd3
{[%clk 1:30:08]} c5 {[%clk 1:31:34]} 5. Qe2+ {[%clk 1:24:08]} Be7
{[%clk 1:30:48]} 6. dxc5 {[%clk 1:22:32]} Nf6 {[%clk 1:31:12]} 7. Nf3
{[%clk 1:16:00]} O-O {[%clk 1:31:36]} 8. O-O {[%clk 1:13:32]} Bxc5
{[%clk 1:31:51]} 9. Bg5 {[%clk 1:12:15]} h6 {[%clk 1:32:03]} 10. Bh4
{[%clk 1:08:03]} g5 11. Nxg5 {[%clk 0:55:14]} hxg5 {[%clk 1:32:47]} 12. Bxg5
{[%clk 0:55:34]} Qd6 {[%clk 1:29:06]} 13. Qf3 {[%clk 0:46:18]} Ne4
{[%clk 1:26:47]} 14. Bf4 {[%clk 0:42:38]} Qg6 {[%clk 1:25:12]} 15. Nc3
{[%clk 0:40:51]} Bg4 {[%clk 1:25:34]} 16. Bxe4 {[%clk 0:38:31]} dxe4
{[%clk 1:20:48]} 17. Qg3 {[%clk 0:18:54]} Be6 {[%clk 1:16:45]} 18. Nxe4
{[%clk 0:18:38]} Qxg3 {[%clk 1:16:27]} 19. Bxg3 {[%clk 0:18:55]} Bd4
{[%clk 1:16:45]} 20. c3 {[%clk 0:18:11]} Bg7 {[%clk 1:17:09]} 21. Rad1
{[%clk 0:17:04]} Bxa2 {[%clk 1:15:36]} 22. Bd6 {[%clk 0:14:43]} Re8
{[%clk 1:15:30]} 23. Rfe1 {[%clk 0:15:01]} Nc6 {[%clk 1:15:34]} 24. h4
{[%clk 0:10:13]} Rad8 {[%clk 1:15:46]} 25. f3 {[%clk 0:08:31]} Bb3
{[%clk 1:16:11]} 26. Rd2 {[%clk 0:06:58]} f5 {[%clk 1:16:35]} 0-1

[Event "Men-Tehran"]
[Site "?"]
[Date "2015.09.16"]
[Round "5.11"]
[White "Javanbakht, Nima"]
[Black "Nejadshirazi, Mohammad Reza"]
[Result "1-0"]
[BlackElo "1973"]
[WhiteElo "2405"]
[LiveChessVersion "1.4.6"]

1. d4 {[%clk 1:30:46]} Nf6 {[%clk 1:30:53]} 2. Nf3 {[%clk 1:30:42]} g6
{[%clk 1:31:17]} 3. c4 {[%clk 1:28:26]} Bg7 {[%clk 1:31:42]} 4. Nc3
{[%clk 1:28:52]} d5 {[%clk 1:32:07]} 5. Bg5 {[%clk 1:29:03]} Ne4 {[%clk 1:32:28]}
6. cxd5 {[%clk 1:28:56]} Nxg5 {[%clk 1:32:47]} 7. Nxg5 {[%clk 1:29:23]} e6
{[%clk 1:33:10]} 8. Nf3 {[%clk 1:29:38]} exd5 {[%clk 1:33:33]} 9. e3
{[%clk 1:30:01]} O-O {[%clk 1:33:49]} 10. Bd3 {[%clk 1:30:05]} c5
{[%clk 1:33:30]} 11. dxc5 {[%clk 1:29:49]} Qa5 {[%clk 1:31:54]} 12. O-O
{[%clk 1:27:57]} Qxc5 {[%clk 1:31:27]} 13. Rc1 {[%clk 1:26:22]} Qa5
{[%clk 1:28:44]} 14. Qb3 {[%clk 1:20:52]} Nc6 15. Nxd5 {[%clk 1:17:10]} Bxb2
{[%clk 1:19:24]} 16. Rxc6 {[%clk 1:16:37]} bxc6 {[%clk 1:18:52]} 17. Ne7+
{[%clk 1:16:59]} Kg7 {[%clk 1:18:24]} 18. Qxb2+ {[%clk 1:17:24]} f6
{[%clk 1:18:20]} 19. Nxc6 {[%clk 1:14:10]} Qd5 {[%clk 1:16:57]} 20. Nfd4
{[%clk 1:12:25]} Rf7 {[%clk 1:15:35]} 21. Rc1 {[%clk 1:06:40]} Rb7
{[%clk 1:03:38]} 22. Qa3 {[%clk 1:04:06]} Rc7 {[%clk 0:55:09]} 23. Bc4
{[%clk 1:03:06]} Qe4 {[%clk 0:53:15]} 24. Qd6 {[%clk 1:03:00]} Rb7
{[%clk 0:49:35]} 25. Nd8 {[%clk 0:57:39]} Rb1 {[%clk 0:43:05]} 26. Qc7+
{[%clk 0:57:47]} Kh6 {[%clk 0:43:07]} 27. Nf7+ {[%clk 0:58:11]} 1-0

[Event "Men-Tehran"]
[Site "?"]
[Date "2015.09.16"]
[Round "5.12"]
[White "Ebrahimzadeh, Mohammadnaghi"]
[Black "Roghani, Arash"]
[Result "1/2-1/2"]
[BlackElo "2339"]
[WhiteElo "1850"]
[LiveChessVersion "1.4.6"]

1. e4 {[%clk 1:30:56]} c5 {[%clk 1:29:55]} 2. Nf3 {[%clk 1:31:15]} e6
{[%clk 1:30:22]} 3. d4 {[%clk 1:31:15]} cxd4 {[%clk 1:30:50]} 4. Nxd4
{[%clk 1:31:36]} a6 {[%clk 1:31:17]} 5. Bd3 {[%clk 1:30:56]} Nf6 {[%clk 1:31:41]}
6. O-O {[%clk 1:30:23]} Qc7 {[%clk 1:32:09]} 7. Bg5 {[%clk 1:25:52]} Bd6
{[%clk 1:21:45]} 8. Bxf6 Bxh2+ {[%clk 1:14:28]} 9. Kh1 {[%clk 1:15:38]} gxf6
{[%clk 1:14:53]} 10. g3 {[%clk 1:09:50]} Bxg3 {[%clk 1:15:01]} 11. fxg3
{[%clk 1:08:22]} Qxg3 {[%clk 1:15:29]} 12. Qe2 {[%clk 1:06:26]} Nc6
{[%clk 1:08:44]} 13. Nxc6 dxc6 14. Qf2 Qh3+ 15. Qh2 1/2-1/2

[Event "Men-Tehran"]
[Site "?"]
[Date "2015.09.16"]
[Round "5.13"]
[White "Tahbaz, Arash"]
[Black "Bagheri, Amir"]
[Result "1-0"]
[BlackElo "2391"]
[WhiteElo "2342"]
[LiveChessVersion "1.4.6"]

1. e4 c6 {[%clk 1:27:20]} 2. d4 {[%clk 1:31:21]} d5 {[%clk 1:27:46]} 3. Nd2
{[%clk 1:31:45]} dxe4 {[%clk 1:28:04]} 4. Nxe4 {[%clk 1:32:12]} Nf6
{[%clk 1:28:28]} 5. Nxf6+ {[%clk 1:32:36]} gxf6 {[%clk 1:28:52]} 6. Nf3
{[%clk 1:32:56]} Bg4 {[%clk 1:26:57]} 7. Be2 {[%clk 1:33:24]} e6 {[%clk 1:27:10]}
8. Be3 {[%clk 1:33:00]} Nd7 {[%clk 1:26:54]} 9. Nh4 {[%clk 1:31:28]} Bxe2
{[%clk 1:26:58]} 10. Qxe2 {[%clk 1:31:56]} Qa5+ {[%clk 1:26:54]} 11. c3
{[%clk 1:30:22]} Qb5 {[%clk 1:27:05]} 12. c4 Qa5+ {[%clk 1:11:37]} 13. Kf1
{[%clk 1:15:28]} Bd6 {[%clk 1:09:14]} 14. g3 {[%clk 1:07:48]} O-O-O
{[%clk 1:08:44]} 15. c5 {[%clk 1:06:42]} Bb8 {[%clk 1:07:42]} 16. Kg2
{[%clk 0:55:59]} f5 {[%clk 1:03:32]} 17. b4 {[%clk 0:38:02]} Qxb4
{[%clk 0:51:07]} 18. Rhb1 {[%clk 0:36:56]} Qa4 {[%clk 0:51:13]} 19. Rb3
{[%clk 0:35:47]} Nf8 {[%clk 0:31:42]} 20. Rab1 {[%clk 0:33:00]} Rd7
{[%clk 0:31:31]} 21. Rb4 {[%clk 0:32:32]} Qa5 {[%clk 0:31:13]} 22. Qb2
{[%clk 0:32:46]} Qa6 {[%clk 0:25:06]} 23. Qc2 {[%clk 0:33:03]} Qa5
{[%clk 0:23:14]} 24. Qb3 {[%clk 0:32:54]} b5 {[%clk 0:18:03]} 25. cxb6
{[%clk 0:31:44]} Qd5+ {[%clk 0:15:32]} 26. Qxd5 {[%clk 0:32:06]} Rxd5
{[%clk 0:15:50]} 27. b7+ {[%clk 0:23:41]} Kd7 {[%clk 0:14:45]} 28. Nf3
{[%clk 0:19:17]} f6 {[%clk 0:12:58]} 29. Ne1 {[%clk 0:18:59]} e5 {[%clk 0:11:23]}
30. Nf3 {[%clk 0:07:09]} e4 {[%clk 0:09:17]} 31. Ng1 {[%clk 0:07:00]} Ne6
{[%clk 0:09:21]} 32. Ne2 {[%clk 0:07:30]} Rg8 {[%clk 0:08:42]} 33. Kf1
{[%clk 0:07:53]} Ra5 {[%clk 0:06:48]} 34. Rc4 {[%clk 0:07:34]} Rxa2
{[%clk 0:06:40]} 35. Rbc1 {[%clk 0:07:15]} Rb2 {[%clk 0:03:55]} 36. Rxc6
{[%clk 0:06:33]} Rxb7 {[%clk 0:04:21]} 37. d5 {[%clk 0:06:51]} Nc7
{[%clk 0:04:48]} 38. Rxf6 {[%clk 0:05:25]} Nxd5 {[%clk 0:05:00]} 39. Rf7+
{[%clk 0:04:25]} Ne7 {[%clk 0:05:13]} 40. Nd4 {[%clk 0:03:29]} f4
{[%clk 0:03:40]} 41. gxf4 {[%clk 0:03:15]} h5 {[%clk 0:02:59]} 42. Rh7
{[%clk 0:01:54]} Rf8 {[%clk 0:02:39]} 43. f5 {[%clk 0:00:44]} Bxh2
{[%clk 0:02:36]} 44. Bg5 {[%clk 0:00:33]} Kd6 {[%clk 0:01:57]} 45. Rd1
{[%clk 0:00:46]} Rg8 {[%clk 0:02:02]} 46. Bxe7+ {[%clk 0:00:55]} Ke5
{[%clk 0:02:20]} 47. Bd6+ {[%clk 0:00:56]} 1-0